Honduras ocupada: Suazo ofrece a kissinger hacer de su país un protectorado o un estado libre asociado /

Enregistré dans:
Détails bibliographiques
Auteur principal: Selser, Gregorio
Format: Texte
Tags: Ajouter un tag
Pas de tags, Soyez le premier à ajouter un tag!

MARC

LEADER 00000 a a2200000 04500
001 1807
003
040
100 |a Selser, Gregorio  
245 |a Honduras ocupada:   |b Suazo ofrece a kissinger hacer de su país un protectorado o un estado libre asociado /  |c Gregorio Selser 
773 |g número 4; página 21  
999 |c 35542  |d 35542